Sports Quiz

Random Sports or Soccer Quiz

Premier League Goalscoring Scandinavians Quiz Stats

 Plays Quiz not verified by Sporcle

Challenge
Share
Tweet
Embed
Score 0/36 Timer 11:00
0 Plays Today
Goals Player % Correct
91Ole Gunnar Solskjær
86.1%
54Eidur Gudjohnsen
84.9%
38Tore Andre Flo
64.4%
9Jostein Flo
64%
29*John Carew
63.5%
48Freddie Ljungberg
60.4%
21John Arne Riise
53.5%
15*Nicklas Bendtner
51.7%
34Mikael Forssell
49.1%
24*Morten Gamst Pedersen
46.6%
22Henrik Pedersen
45.9%
39Steffen Iversen
43.6%
8Henning Berg
43.4%
22Sami Hyypia
41.2%
8Ronny Johnsen
38.6%
30Øyvind Leonhardsen
32.5%
27Jonatan Johansson
29.1%
8Olof Mellberg
27.3%
Goals Player % Correct
20Claus Jensen
26.8%
25Jan Åge Fjørtoft
26%
9Anders Svensson
25%
10Mathias Svensson
25%
30Egil Ostenstad
23.2%
8Martin Laursen
19.8%
12Niclas Alexandersson
19.3%
11Thomas Gravesen
18.9%
19Heidar Helguson
16.5%
8Eirik Bakke
14.4%
18Alf Inge Haaland
12%
14Lars Bohinen
10.5%
10Gunnar Halle
10.3%
12Allan Nielsen
9.9%
8Gudni Bergsson
9.2%
8Per Frandsen
8.3%
12Jo Tessem
7.4%
12Mikkel Beck
7.3%

You're not logged in!

Compare scores with friends on all Sporcle quizzes.
Join for Free
OR
Log In

Show Comments

Extras

Top Quizzes Today


Score Distribution

Your Account Isn't Verified!

In order to create a playlist on Sporcle, you need to verify the email address you used during registration. Go to your Sporcle Settings to finish the process.

Report this User

Report this user for behavior that violates our Community Guidelines.

Details: